zpět

Detail výsledku týmu

Bar Sokolovna, Zdiby

Datum a čas kvízu

33.5 Celkem bodů Celkový počet nahraných bodů na tomto kvízu bez doplňovacích otázek.
6. Pořadí na kvízu Konečné umístění týmu na tomto kvízu.

Zaznamenané odpovědi

# Otázka Odpověď Body Výsledky
1. Ve kterém seriálu se objeví te... Arabela 1
2. Přiřaďte následující hlášky k... 1A 2C 3B 4D 1
3. Ve které pohádce zazněl rozkaz... Tři veteráni 0
4. Doplňte poslední dvě slova v k... o barák 1
5. Na závěr tématu uveďte tři slo... nemůže vidět krev 1
6. Tulamor, Ramses, Padre a Kudla... Lichožrouti, Pavel Šrut 0
7. Pokud jste fanoušky Želv Ninja... 1C 2A 3B 4D 0
8. Jak se jmenuje vesnice (dnes č... Dejvice, Jan Werich 0.5
9. Ze kterého animovaného filmu z... Za plotem 1
10. „Otevři oči a naskoč! Čeká tě... Polární expres 1